| 000 | 00765nam a2200217 a 4500 | ||
|---|---|---|---|
| 001 | 000022924 | ||
| 005 | 20260213105849.0 | ||
| 008 | 101123s1999 mx abc r 001 0 spa d | ||
| 020 | _a9684442637 | ||
| 040 |
_aDO-SdBNP _bspa _cBNPHU |
||
| 082 |
_a659.1 _bF475c |
||
| 100 | 1 |
_aFigueroa Bermúdez, Romeo Antonio, _947131 |
|
| 245 | 1 | 0 |
_aCómo hacer publicidad : _bun enfoque teórico-práctico / _cRomeo Antonio Figueroa Bermúdez. |
| 260 |
_aMéxcico : _bAddison Wesley Longman, _c1999. |
||
| 300 |
_a407, [3] p. : _bil., retrs., mapas , ; _c23 cm. |
||
| 500 | _aIncluye índice | ||
| 504 | _aIncluye referencias bibliográficas y notas al pie de las páginas. | ||
| 650 | 0 |
_aPublisidad _913236 |
|
| 650 | 4 |
_aPublicidad comerciar artistica _947132 |
|
| 049 | _aBNGR | ||
| 999 |
_c22421 _d22421 |
||